书目信息 |
| 题名: |
文学争鸣档案
|
|
| 作者: | 张学正 主编 | |
| 分册: | ||
| 出版信息: | 天津 南开大学出版社 2002 |
|
| 页数: | 915页 | |
| 开本: | 26cm | |
| 丛书名: | ||
| 单 册: | ||
| 中图分类: | I206.09 | |
| 科图分类: | ||
| 主题词: | 当代文学--文学批评史--中国 | |
| 电子资源: | ||
| ISBN: | 7-310-01746-3 | |
| 000 | 00755nam0 2200205 45 | |
| 001 | 0311112360 | |
| 005 | 20050919100942.67 | |
| 010 | @a7-310-01746-3@b精装@dCNY89.00 | |
| 100 | @a20031111d2002 km y0chiy0120 ea | |
| 101 | 0 | @achi |
| 200 | 1 | @a文学争鸣档案@AWen Xue Zheng Ming Dang An@e中国当代文学作品争鸣实录@e1949~1999@EZhong Guo Dang Dai Wen Xue Zuo Pin Zheng Ming Shi Lu@f张学正等主编@FZhang Xue Zheng Deng Zhu Bian |
| 210 | @a天津@c南开大学出版社@d2002 | |
| 215 | @a915页@d26cm | |
| 517 | @a中国当代文学作品争鸣实录@AZhong Guo Dang Dai Wen Xue Zuo Pin Zheng Ming Shi Lu | |
| 517 | @a1949~1999 | |
| 606 | 0 | @a当代文学@x文学批评史@y中国 |
| 690 | @aI206.09@v4 | |
| 701 | 0 | @a张学正@4主编 |
| 801 | @aCN@bTSTC@c20050919 | |
| 905 | @a213230@dI206.09@e16 | |
| 文学争鸣档案:中国当代文学作品争鸣实录:1949~1999/张学正等主编.-天津:南开大学出版社,2002 |
| 915页;26cm |
| ISBN 7-310-01746-3(精装):CNY89.00 |
| ● |
| 相关链接 |
|
|
|
|
正题名:文学争鸣档案
索取号:I206.09/16
 
预约/预借
| 序号 | 登录号 | 条形码 | 馆藏地/架位号 | 状态 | 备注 |
| 1 | 0327931 | 203279317 | 第二借阅区/ [索取号:I206.09/16] | 在馆 | |
| 2 | 0327932 | 203279326 | 第二借阅区/ [索取号:I206.09/16] | 在馆 | |
| 3 | 0327933 | 203279335 | 第一样本阅览室/ [索取号:I206.09/16] | 在馆 | |
| 4 | 0361531 | 3615314 | 第二借阅区/ [索取号:I206.09/16] | 在馆 | |
| 5 | 0361532 | 3615323 | 第二借阅区/ [索取号:I206.09/16] | 在馆 | |
| 6 | 0361533 | 3615332 | 第二借阅区/ [索取号:I206.09/16] | 在馆 |